00410nam a2200169Ia 4500003000400000005001700004008004100021020001800062041000800080082001300088100001100101245003800112260003200150300002000182500001500202500002300217OSt20260105145131.0251219s9999 xx 000 0 und d a9780141322711 aeng 2823aDAH aDahl R aCharlie And the Chocolate Factory bpenguin group/Englandc1964 a189bPaper Back aLiterature aEnglish Literature